<?xml version="1.0" encoding="UTF-8"?>
<record
    xmlns:xsi="http://www.w3.org/2001/XMLSchema-instance"
    xsi:schemaLocation="http://www.loc.gov/MARC21/slim http://www.loc.gov/standards/marcxml/schema/MARC21slim.xsd"
    xmlns="http://www.loc.gov/MARC21/slim">

  <leader>01572    a2200157   4500</leader>
  <controlfield tag="003">OSt</controlfield>
  <controlfield tag="005">20251212122118.0</controlfield>
  <controlfield tag="008">251212b        |||||||| |||| 00| 0 eng d</controlfield>
  <datafield tag="020" ind1=" " ind2=" ">
    <subfield code="a">9780143452126</subfield>
  </datafield>
  <datafield tag="100" ind1=" " ind2=" ">
    <subfield code="a">Foroux D.</subfield>
    <subfield code="9">215446</subfield>
  </datafield>
  <datafield tag="245" ind1=" " ind2=" ">
    <subfield code="a">Do it Today</subfield>
  </datafield>
  <datafield tag="260" ind1=" " ind2=" ">
    <subfield code="b">Penguin Random House India</subfield>
    <subfield code="c">2020</subfield>
    <subfield code="a">Haryana</subfield>
  </datafield>
  <datafield tag="300" ind1=" " ind2=" ">
    <subfield code="a">143pp.</subfield>
  </datafield>
  <datafield tag="520" ind1=" " ind2=" ">
    <subfield code="a">Are you also tired of putting off your dreams until &#x201C;tomorrow?&#x201D; Guess what! Tomorrow never comes. Am I right?

I&#x2019;ve procrastinated and put off my desire to write a book for a decade. I always came up with excuses like, &#x201C;it&#x2019;s not the right time.&#x201D; Or, &#x201C;I need to do more research.&#x201D;

But in 2015 I got tired of this endless procrastination, and finally took action. Six months later, my first book was published.

Look, we all have limited time on our hands. And we&#x2019;re getting closer to death every single minute. That shouldn&#x2019;t scare you. That should motivate you!

Time is limited, that&#x2019;s why we must do the things we want: Today.

In this &#x201C;best of&#x201D; collection, I&#x2019;ve handpicked 30 of my best articles that help you to overcome procrastination, improve your productivity, and achieve all the things you always wanted.

Plus, I&#x2019;ve written an extensive introduction about my life and work philosophy.

In Do It Today, you&#x2019;ll learn:

Why we procrastinate and how we can overcome it
How to increase your productivity without being stressful
How to achieve more meaningful things in your life so you can enjoy it more
Are you ready to start reading this book?</subfield>
  </datafield>
  <datafield tag="942" ind1=" " ind2=" ">
    <subfield code="c">BK</subfield>
    <subfield code="2">ddc</subfield>
  </datafield>
  <datafield tag="999" ind1=" " ind2=" ">
    <subfield code="c">369355</subfield>
    <subfield code="d">369355</subfield>
  </datafield>
  <datafield tag="952" ind1=" " ind2=" ">
    <subfield code="0">0</subfield>
    <subfield code="1">0</subfield>
    <subfield code="2">ddc</subfield>
    <subfield code="4">0</subfield>
    <subfield code="7">0</subfield>
    <subfield code="8">BCA Pune</subfield>
    <subfield code="a">001</subfield>
    <subfield code="b">001</subfield>
    <subfield code="d">2025-12-10</subfield>
    <subfield code="e">8</subfield>
    <subfield code="g">149.25</subfield>
    <subfield code="l">5</subfield>
    <subfield code="m">1</subfield>
    <subfield code="p">KBJP-BK-2923</subfield>
    <subfield code="q">2026-04-03</subfield>
    <subfield code="r">2026-03-27 14:09:59</subfield>
    <subfield code="s">2026-03-27</subfield>
    <subfield code="v">199.00</subfield>
    <subfield code="w">2025-12-10</subfield>
    <subfield code="y">BK</subfield>
    <subfield code="z">2923</subfield>
  </datafield>
</record>
